Statistics for 10 Capitals Closest to Beirut

Click here to take the quiz!

General Stats

  • This quiz has been taken 31 times
  • The average score is 9 of 10

Answer Stats

kmCapital% Correct
827Baghdad
97%
584Cairo
97%
85Damascus
93%
234Jerusalem
93%
711Ankara
86%
1150Athens
86%
241Nicosia
86%
218Amman
83%
1059Yerevan
69%
1191Tbilisi
66%

Score Distribution

Percentile by Number Answered

Percent of People with Each Score

Your Score History

You have not taken this quiz